| 000 | 00711cam a22002411 4500 | ||
|---|---|---|---|
| 001 | sg 45000058 | ||
| 003 | DLC | ||
| 005 | 20260227112745.0 | ||
| 008 | 790305s1944 nyua b 001 0 eng c | ||
| 010 | _asg 45000058 | ||
| 035 | _a(OCoLC)4710696 | ||
| 040 |
_aU.S. National Library of Medicine _cIPfsG _dOCoLC _dDLC |
||
| 042 | _apremarc | ||
| 050 | 0 | 0 |
_aRA790 _b.M58 |
| 082 | _a131.32 | ||
| 100 | 1 |
_aMoore, Thomas Verner, _d1877-1969. |
|
| 245 | 1 | 0 |
_aPersonal mental hygiene, _cby Dom Thomas Verner Moore ... |
| 260 |
_aNew York, _bGrune & Stratton, _c1944. |
||
| 300 |
_avii, 331 p. _bdiagrs. _c22 cm. |
||
| 500 | _a"First printing." | ||
| 504 | _aBibliographical foot-notes. | ||
| 650 | 0 | _aMental health. | |
| 999 |
_c90541 _d90541 |
||